2018 Sweet 16 Teams Quiz Stats

 Plays Quiz Updated Mar 29, 2019

Score 0/16 Timer 04:00
2 Plays Today
% Correct
Duke
83%
Villanova
79.2%
Michigan
77.8%
Gonzaga
77.4%
Kentucky
76.7%
Loyola-Chicago
73.2%
Kansas
73.2%
Florida State
64.1%
% Correct
Texas Tech
60.8%
Syracuse
57.8%
Kansas State
57.7%
Purdue
57.2%
West Virginia
49.9%
Nevada
49.2%
Texas A&M
47.3%
Clemson
39.5%

You're not logged in!

Compare scores with friends on all Sporcle quizzes.
OR
Log In

Sporcle TV

Today on Sporcle TV


Watch our educational content, quiz creation guides, and fun videos on Sporcle TV.

Show Comments

Extras

Top Quizzes Today


Score Distribution

Your Account Isn't Verified!

In order to create a playlist on Sporcle, you need to verify the email address you used during registration. Go to your Sporcle Settings to finish the process.

Report this User

Report this user for behavior that violates our Community Guidelines.

Details: